Surveying / (Record no. 25820)

MARC details
000 -LEADER
fixed length control field 01256cam a22003135i 4500
001 - CONTROL NUMBER
control field 010697894
003 - CONTROL NUMBER IDENTIFIER
control field EG-ScBUE
005 - DATE AND TIME OF LATEST TRANSACTION
control field 20250326093323.0
008 - FIXED-LENGTH DATA ELEMENTS--GENERAL INFORMATION
fixed length control field 980511s1998 enka f b 001 0 eng d
020 ## - INTERNATIONAL STANDARD BOOK NUMBER
International Standard Book Number 0582302498
020 ## - INTERNATIONAL STANDARD BOOK NUMBER
International Standard Book Number 9780582302495
040 ## - CATALOGING SOURCE
Original cataloging agency EG-ScBUE
Language of cataloging eng
Description conventions rda
Modifying agency EG-ScBUE
Transcribing agency EG-ScBUE
082 04 - DEWEY DECIMAL CLASSIFICATION NUMBER
Classification number 526.9
Edition number 22
Item number BAN
100 1# - MAIN ENTRY--PERSONAL NAME
Personal name Bannister, A.
Fuller form of name (Arthur),
Relator term author.
245 10 - TITLE STATEMENT
Title Surveying /
Statement of responsibility, etc A. Bannister, M.C., M.Sc., C.Eng., F.I.C.E., S. Raymond, M.Sc., Ph.D., Dip.T.P. (Manchester), C.Eng., F.I.C.E., M.R.T.P.I., F.I.H.T. (consulting engineer), R. Baker, M.Sc., Ph.D., C.Eng., M.I.C.E., M.C.I.W.E.M., (senior lecturer in civil and enviromental engineering, University of Salford).
250 ## - EDITION STATEMENT
Edition statement Seventh edition.
264 #1 - PUBLICATION, DISTRIBUTION, ETC. (IMPRINT)
Place of publication, distribution, etc Harlow :
Name of publisher, distributor, etc Pearson-Prentice Hall,
Date of publication, distribution, etc 1998.
300 ## - PHYSICAL DESCRIPTION
Extent x, 502 pages :
Other physical details illustrations ;
Dimensions 24 cm
336 ## - CONTENT TYPE
Source rdacontent
Content type term text
Content type code txt
337 ## - MEDIA TYPE
Media type term unmediated
Source rdamedia
Media type code n
338 ## - CARRIER TYPE
Carrier type term volume
Carrier type code nc
Source rdacarrier
504 ## - BIBLIOGRAPHY, ETC. NOTE
Bibliography, etc Includes bibliographical references and index.
650 #7 - SUBJECT ADDED ENTRY--TOPICAL TERM
Topical term or geographic name as entry element Surveying.
Source of heading or term BUEsh
9 (RLIN) 1035
653 ## - INDEX TERM--UNCONTROLLED
Resource For college Generalities
Arrived date list December2017
655 ## - INDEX TERM--GENRE/FORM
Form subdivision Reading book
700 1# - ADDED ENTRY--PERSONAL NAME
Personal name Raymond, S.
Fuller form of name (Stanley),
Dates associated with a name 1922-
Relator term author.
700 1# - ADDED ENTRY--PERSONAL NAME
Personal name Baker, R.
Fuller form of name (Raymond),
Dates associated with a name 1956-
Relator term author
942 ## - ADDED ENTRY ELEMENTS (KOHA)
Source of classification or shelving scheme Dewey Decimal Classification
Koha item type Book - Borrowing
Holdings
Withdrawn status Lost status Source of classification or shelving scheme Damaged status Not for loan Collection code Home library Current library Shelving location Date acquired Total Checkouts Total Renewals Full call number Barcode Date last seen Date checked out Price effective from Koha item type
    Dewey Decimal Classification     Baccah Central Library Central Library First floor 27/12/2017 1 1 526.9 BAN 000047044 15/07/2025 11/04/2018 27/12/2017 Book - Borrowing